00737nam a22002057a 450000500170000001000150001702000270003203500140005903700090007308200120008224500520009425000070014626000300015327000830018330000230026650000430028994200260033299900190035895201540037720250724150941.0 aENG-146129 a9789349015227c1250.00 aEN-129661 bDBAD a000211 aUniversal's Guide to All India Bar Examination/ a11 aGurgaonbLexisNexisc2025 a14th Floor, Building No.10, Tower-B, DLF Cyber city, Phase-IIbGurgaone122002 a1048p. c24cm(pbk) aConducted By the Bar Council of India  2ddccENh000mUNIe11 c212586d212586 001040708NFICaJPbJPd2025-07-24eDelivery of Books Act Divisiong1250.00l0o000 UNIpEN-129661r2025-07-24 00:00:00t1v1250.00w2025-07-24yEN